Statistics for All 50k+ Cities in Austria with a Map

Click here to take the quiz!

General Stats

  • This quiz has been taken 1,978 times
    (1,675 since last reset)
  • The average score is 8 of 10

Answers on the Map

Answers color-coded by a green-red scale on the quiz's map according to % correct below.
 

Answer Stats

PopulationCity% Correct
1,920,949Vienna
100%
155,416Salzburg
97%
291,134Graz
94%
131,059Innsbruck
94%
206,537Linz
91%
101,765Klagenfurt
73%
55,878Sankt Pölten
60%
63,236Villach
60%
62,654Wels
47%
50,257Dornbirn
42%

Score Distribution

Percentile by Number Answered

Percent of People with Each Score

Your Score History

You have not taken this quiz since the last reset